Indonesia property investment guide 2017 (Record no. 116077)

MARC details
000 -LEADER
fixed length control field 01147cam a22002655a 4500
001 - CONTROL NUMBER
control field L159658
008 - FIXED-LENGTH DATA ELEMENTS--GENERAL INFORMATION
fixed length control field 151103s2017 xxk f 000 0 eng d
035 ## - SYSTEM CONTROL NUMBER
System control number (Sirsi) u159658
041 0# - LANGUAGE CODE
Language code of text/sound track or separate title eng
110 2# - MAIN ENTRY--CORPORATE NAME
Corporate name or jurisdiction name as entry element Knight Frank
9 (RLIN) 1530
245 00 - TITLE STATEMENT
Title Indonesia property investment guide 2017
Medium [electronic resource]
250 ## - EDITION STATEMENT
Edition statement 2nd ed.
260 ## - PUBLICATION, DISTRIBUTION, ETC.
Place of publication, distribution, etc. [S.l.]
Name of publisher, distributor, etc. Knight Frank
Date of publication, distribution, etc. 2017
520 ## - SUMMARY, ETC.
Summary, etc. Helps us to understand the property, legal and tax regulations in Indonesia. Looks at infrastructure development, growth centers and opportunities, office sector, retail sector, single-factory buildings, residential sector and the legal requirements for foreign investors.
650 24 - SUBJECT ADDED ENTRY--TOPICAL TERM
Topical term or geographic name entry element PROPERTY INVESTMENT
650 24 - SUBJECT ADDED ENTRY--TOPICAL TERM
Topical term or geographic name entry element INFRASTRUCTURE DEVELOPMENT
651 #4 - SUBJECT ADDED ENTRY--GEOGRAPHIC NAME
Geographic name Indonesia
690 ## - LOCAL SUBJECT ADDED ENTRY--TOPICAL TERM (OCLC, RLIN)
Topical term or geographic name as entry element Residential property
9 (RLIN) 6266
690 ## - LOCAL SUBJECT ADDED ENTRY--TOPICAL TERM (OCLC, RLIN)
Topical term or geographic name as entry element Commercial property
9 (RLIN) 6227
690 ## - LOCAL SUBJECT ADDED ENTRY--TOPICAL TERM (OCLC, RLIN)
Topical term or geographic name as entry element Investments
9 (RLIN) 6250
710 1# - ADDED ENTRY--CORPORATE NAME
Corporate name or jurisdiction name as entry element KPMG
710 1# - ADDED ENTRY--CORPORATE NAME
Corporate name or jurisdiction name as entry element Makes & Partners
856 40 - ELECTRONIC LOCATION AND ACCESS
Uniform Resource Identifier <a href="https://content.knightfrank.com/research/1286/documents/en/indonesia-property-investment-guide-2017-2017-4769.pdf">https://content.knightfrank.com/research/1286/documents/en/indonesia-property-investment-guide-2017-2017-4769.pdf</a>
Public note View the item free of charge from the www.knightfrank.com/research
942 ## - ADDED ENTRY ELEMENTS (KOHA)
Suppress in OPAC 0
Holdings
Withdrawn status Lost status Source of classification or shelving scheme Damaged status Not for loan Home library Current library Shelving location Date acquired Total Checkouts Full call number Barcode Date last seen Copy number Price effective from Koha item type
    Dewey Decimal Classification     Virtual Virtual Online 05/12/2017   ONLINE PUBLICATION 159658-2001 28/04/2023 1 06/08/2019 Book